000 00298nam a22001337a 4500
008 180313b xxu||||| |||| 00| 0 eng d
020 _a9781933538730
041 _aeng
080 _a94
100 _a16
101 _aHIS
245 _aIdeas and adventures 1200-1700
_cThoss,S.P
942 _2udc
_cBK
999 _c44909
_d44909